000 00658nam a22002297a 4500
005 20170124110011.0
010 _aA-456685
020 _c00.00
_a8185176566
035 _aA-456685
037 _bCen Lib/Ret
040 _aDPL
_bEN
082 _a331.8
_bRAW
100 _aRawat, B.D.
_973175
245 _aIndia in ILO /
_cby B.D Rawat
260 _aJaipur
_bR B S A Publishers
_c1990
270 _bJaipur
_aS M S highway
_e302003
300 _axii,340p.
_c21cm(Hb)
500 _aIncludes annexure
650 _aILO--frameworrk and structure
_973176
650 _aILO--principle and policy
_973177
942 _2ddc
_cEN
_h331.8
_mRAW
999 _c126549
_d126549